000
00301nam a2200109Ia 4500
008
220204s9999 xx 000 0 und d
082
_a
621.3.04(035)
_b
LEN
100
_a
John D
245
0
_a
Handbook of integrated circuits: For engineers and technicians
260
_a
Reston
_b
Reston
_c
1978
942
_c
BK
999
_c
29731
_d
29731